Library of the University of Algiers 3
Ibrahim Sultan Cheibout
شعار جامعة الجزائر 3
مكتبة جامعة الجزائر 3
إبراهيم سلطان شيبوط

مبادئ القانون التجاري : (رقم التسجيلة. 46352)

تفاصيل مارك
000 -LEADER
fixed length control field 01581nam a2200217Ia 4500
003 - CONTROL NUMBER IDENTIFIER
control field Ost
005 - DATE AND TIME OF LATEST TRANSACTION
control field 20260507075804.0
008 - FIXED-LENGTH DATA ELEMENTS--GENERAL INFORMATION
fixed length control field 260507s9999||||xx |||||||||||||| ||und||
020 ## - INTERNATIONAL STANDARD BOOK NUMBER
International Standard Book Number 9771006258
040 ## - CATALOGING SOURCE
Transcribing agency fsecg
041 ## - LANGUAGE CODE
Language code of text/sound track or separate title ara
082 ## - DEWEY DECIMAL CLASSIFICATION NUMBER
Classification number 346.07
100 ## - MAIN ENTRY--PERSONAL NAME
Personal name رضوان، فايز نعيم
Relator term مؤلف
245 #0 - TITLE STATEMENT
Title مبادئ القانون التجاري :
Remainder of title نظرية الأعمال التجارية، التاجر، الملكية التجارية /
Statement of responsibility, etc. فايز نعيم رضوان
260 ## - PUBLICATION, DISTRIBUTION, ETC.
Place of publication, distribution, etc. القاهرة :
Name of publisher, distributor, etc. دار النهضة العربية,
Date of publication, distribution, etc. 1997
300 ## - PHYSICAL DESCRIPTION
Extent 506 صفحة؛
Other physical details إيضاحات ؛
Dimensions 24 سم
520 ## - SUMMARY, ETC.
Summary, etc. يضم تعريف القانون التجاري، النشأة التاريخية للقانون التجاري، نظرية الأعمال التجارية، معيار التفرقة بين العمل التجاري والعمل المدني والنتائج المترتبة عن ذلك، الأعمال التجارية بطبيعتها، الاعمال التجارية بالتبعية، الأعمال التجارية المختلطة، التاجر، شروط اكتساب صفة التاجر، الإلتزمات المهنية للتجار، تعريف المحل التجاري، عناصر المحل التجاري، الطبيعة القانونيةللمحل التجاري وخصائصه، التصرف في المحل التجاري، الحماية القانونية للمحل التجاري.
653 ## - INDEX TERM--UNCONTROLLED
Uncontrolled term العلاقات التجارية
653 ## - INDEX TERM--UNCONTROLLED
Uncontrolled term القانون التجاري
942 ## - ADDED ENTRY ELEMENTS (KOHA)
Koha item type كتب
المقتنيات
Withdrawn status Lost status Source of classification or shelving scheme Damaged status Not for loan Home library Current library Date acquired Serial enumeration / chronology Inventory number Total checkouts Full call number Barcode Date last seen Price effective from Koha item type
    Library of Congress Classification   NOT LOAN / إعارة داخلية مكتبة كلية العلوم الإقتصادية والعلوم التجارية وعلوم التسيير مكتبة كلية العلوم الإقتصادية والعلوم التجارية وعلوم التسيير 07/05/2026 الطابق الأرضي 025.21/622   555/025.21ن01 025.21/622 07/05/2026 07/05/2026 كتب

موارد الويب المفتوحة


© University of Algiers 3 All Rights Reserved
|
Implemented by LECHELAH Riad